| 000 | 00759nam a2200217 i 4500 | ||
|---|---|---|---|
| 001 | 188218 | ||
| 003 | ES-MaACL | ||
| 005 | 20251013232521.0 | ||
| 008 | 180622s1954 fr |||| |dfre d | ||
| 100 | 1 |
_aChastenet, Jacques. _938173 |
|
| 245 | 1 | 3 |
_aLe siècle de Victoria / _cJacques Chastenet. |
| 260 |
_aParis : _bLibrairie Arthème Fayard, _c[1954] |
||
| 300 |
_a380 p. ; _c19 cm. |
||
| 500 | _aCronología. | ||
| 500 | _aÍndice onomástico. | ||
| 504 | _aBibliografía: p. [361]-364. | ||
| 600 | 0 | 4 |
_aVictoria _bI, _cReina de Gran Bretaña _9114401 |
| 651 | 4 |
_aGran Bretaña- _xHistoria- _y1837-1901, Victoria. _9144250 |
|
| 852 |
_aES-MaACL _jL-32077 _z. - Donat. herederos de la bibl. de Mª del Pilar Costa Palacín |
||
| 999 |
_c188218 _d188218 |
||